|
|
|
|
| LEADER |
00000cam a2200000 7i4500 |
| 001 |
0000001963 |
| 002 |
000002131 |
| 005 |
20020919.0 |
| 020 |
|
|
|a 000002131
|
| 090 |
0 |
0 |
|a 822.33
|b SHA
|
| 100 |
1 |
|
|a Shakespeare, William
|
| 245 |
1 |
0 |
|a As you like it [
|h video recording]
|c William Shakespeare
|
| 260 |
|
|
|a London :
|b BBC Video ,
|c 199-
|
| 300 |
|
|
|a 1 Video recording VHS (152 minutes) :
|b col.(PAL)
|
| 500 |
|
|
|a Library has 1 copy
|
| 650 |
0 |
0 |
|a As you like
|x Drama
|x Shakespeare,William
|x Film and video adaptation
|
| 700 |
1 |
|
|a Coleman, Basil
|
| 999 |
|
|
|a 00053
|b VIDEO
|c KOLEKSI AUDIO VIDEO
|e PERPUSTAKAAN KOMUNITI PETALING JAYA
|